|
|
|
|
| LEADER |
01119nam a22003252a 4500 |
| 001 |
000934965 |
| 003 |
CZ BrMZK |
| 005 |
20090327130108.0 |
| 007 |
ta |
| 008 |
090327s1961 xr er|||||||||||cze d |
| 015 |
|
|
|a cnb000516746
|
| 035 |
|
|
|a (OCoLC)39743289
|
| 040 |
|
|
|a ABA001
|b cze
|c OSA001
|d ABA001
|
| 080 |
9 |
|
|a 885-312.4
|
| 100 |
1 |
|
|a Hanuš, Pavel,
|d 1928-1991
|7 jk01033496
|4 aut
|
| 245 |
1 |
0 |
|a Jupiter s pávem /
|c Pavel Hanuš
|
| 250 |
|
|
|a 2. vyd.
|
| 260 |
|
|
|a Praha :
|b Mladá fronta,
|c 1961
|f (Mír 22)
|
| 300 |
|
|
|a 190, [1] s. ;
|c 8°
|
| 490 |
1 |
|
|a Smaragd ;
|v Sv. 15
|
| 500 |
|
|
|a Frontispice Karel Teissig
|
| 500 |
|
|
|a 30000 výt.
|
| 830 |
|
0 |
|a Smaragd (Mladá fronta)
|0 s
|
| 856 |
4 |
1 |
|u http://www.digitalniknihovna.cz/mzk/uuid/uuid:34b67bb0-631e-11e3-ac69-005056827e51
|y Digitalizovaný dokument
|x NDK
|
| 910 |
|
|
|a BOA001
|b D-0389.486-61
|
| 990 |
|
|
|a BK
|
| 995 |
|
|
|a 01
|
| 991 |
|
|
|b 200903
|
| 996 |
6 |
|
|b 2619247887
|c D-0389.486-61
|l MZK
|r Sklad / do 24 hodin
|n 0
|w 000934965
|u 000010
|a 1
|e BOA001
|j MZK50
|s P
|
| 996 |
6 |
|
|b 2619247888
|c D-0389.486-61
|l MZK
|r Sklad / do 24 hodin
|n 0
|w 000934965
|u 000020
|a 1
|e BOA001
|j MZK50
|s P
|